| 000 | 00527nam a2200181Ia 4500 | ||
|---|---|---|---|
| 005 | 20250326141543.0 | ||
| 008 | 250326s9999 xx 000 0 und d | ||
| 037 | _aTextbook | ||
| 040 |
_aFMSL _beng _cFMSL |
||
| 041 |
_aeng _2eng |
||
| 084 | _qFMSL | ||
| 100 |
_aGavois Jean _9744680 |
||
| 245 | 0 |
_aGoing ups : An informal history of the elevator from the pynamids to the present _cGavois Jean |
|
| 260 |
_aPublished _bPublished, by otis elevator _c1983 |
||
| 300 | _a165p | ||
| 942 | _cTB | ||
| 999 |
_c1290858 _d1290858 |
||